LDR 00793naa#a2200193#i#450# 001 EN\\bibl\123391 005 20260706004943.1 011 ## _a1994-4683 100 ## _a20230731b2023####ek#y0engy0150####ca 102 ## _aRU 200 1# _aCOMPARATIVE ANALYSIS OF THE RESULTS OF ANTHROPOMETRIC STUDY OF NORDIC COMBINED SKIERS AND SKI JUMPERS _eJournal article 210 1# _aMoscow _cNational State University of Physical Education, Sports and Health named after P.F. Lesgaft _d2023 215 ## _a5 с. 608 ## _aJournal article _2local 675 ## _aЛыжный спорт. Бег на лыжах. Лыжные гонки. Лыжный кросс. 796.92 _z 700 #1 _aKlimov _gEvgeniy Dmitrievich 700 #1 _aArdashev _gAleksandr Evgen'evich 700 #1 _aPopova _gAnna Ivanovna 856 4# _auchzapiski.lesgaft.spb.ru _u